| 000 | 00458 a2200181 4500 | ||
|---|---|---|---|
| 003 | 00493nam a2200169Ia 4500 | ||
| 005 | 20250909113347.0 | ||
| 040 | _erda | ||
| 050 | _aRB111 .M83 | ||
| 245 | _aMedical Nexus Magazine: A Compendium of common diseases in Nigeria | ||
| 260 |
_aAbuja _bNUMSA _c2024 |
||
| 264 |
_aAbuja _bNUMSA _c2024 |
||
| 300 | _b116p. ; ill: | ||
| 336 |
_2rdacontent _3Text |
||
| 337 | _2Text | ||
| 338 | _2rdacarrier | ||
| 942 |
_2lcc _cSR |
||
| 999 |
_c43640 _d43640 |
||